000 00892nas a2200313 4500
001 BR2012006334
003 BR-BrBNA
005 20231205121040.0
007 ta
008 230509b bl.|||p| |||| 00| 00por d
040 _aBR-BrBNA
_bpor
_cBiblioteca Nacional de Agricultura
041 _a(Pt)
072 _aL73; L70
100 1 _aSolomon, S.E.B.
100 1 _aFarias, M.R. de
100 1 _aPimpão, C.T.
100 1 _aMyassava, S.
100 1 _aOliveira, T.V.
245 1 _aPiodermite bacteriana em cães com dermatite atópica - Revisão de literatura
650 _aCÃO
650 _aDOENÇA ANIMAL
650 _aPELE
650 _aTRATAMENTO
650 _aBACTÉRIA
650 _aVETERINÁRIA
773 0 _tMedvep Dermato (Brazil)
_xISSN 2237-2768
_g(Oct-Dec 2011), v.1(1) p. 57-62
_wBR2012006334
909 _a202311
_bLúcia
_c55
_dLúcia Elande
942 _2AGRIS
_n0
_cANA
999 _c221601
_d221601